Missing Word: 'R' Names Quiz Stats

 Plays Quiz Updated Jun 20, 2018

Challenge
Share
Tweet
Embed
Score 0/24 Timer 02:00
0 Plays Today
Full Name Missing Name % Correct
_____ De NiroRobert
94.7%
_____ HoodRobin
92.6%
_____WitherspoonReese
91.7%
Ronald _____Reagan
90.4%
_____ FiennesRalph
71.8%
_____ BradburyRay
70.1%
_____ RogersRoy
66.5%
_____ MurdochRupert
65.8%
_____'s BabyRosemary
64.1%
Daniel _____Radcliffe
62.5%
_____ WeiszRachel
60.8%
_____ TravisRandy
56%
Full Name Missing Name % Correct
_____ NadalRafael
53.9%
William _____ HearstRandolph
51.2%
Orville _____Redenbacher
49.6%
_____ RodgersRichard
46.6%
_____ MontalbánRicardo
44.3%
Tony _____Randall
39%
_____ HarrisonRex
38.3%
_____ CastroRaúl
37.7%
_____ BlaineRick
32.5%
Paul _____Reubens
26.3%
John _____Ratzenberger
25.1%
Matt _____Ramme
2%

Today's Daily Dose

Missing Word
TV HA - HZ

Word Ladder
Nordic Capital

On This Day
January 19th II

You're not logged in!

Compare scores with friends on all Sporcle quizzes.
OR
Log In

You Might Also Like...

Show Comments

Extras

Top Quizzes Today


Score Distribution

Your Account Isn't Verified!

In order to create a playlist on Sporcle, you need to verify the email address you used during registration. Go to your Sporcle Settings to finish the process.

Report this User

Report this user for behavior that violates our Community Guidelines.

Details: